| 000 | 01828nam a2200253Ia 4500 | ||
|---|---|---|---|
| 001 | 10529 | ||
| 003 | GE_BSU | ||
| 008 | 181216s||||||||xx |||||||||||||| ||und|| | ||
| 020 | _a9789941421013 | ||
| 040 | _cGE_BSU | ||
| 080 | _a821.353.1.09+821.353.1(092 მეუნარგია იონა) | ||
| 100 | _aმეუნარგია,იონა | ||
| 245 | _aთხზულებანი:ტ.I:ალექსანდრე ჭავჭავაძე;ცხოვრება და ღვაწლი გრიგოლ ორბელიანისა,გრიგოლ ორბელიანი-გარდაცვალება და დასაფლავება,ცხოვრება და პოეზია ნიკოლოზ ბარათაშვილისა,გიორგი დავითის-ძე ერისთავი,ავტობიოგრაფია. | ||
| 245 | _bქართული ლიტერატურის ისტორია და კრიტიკა | ||
| 245 | _cპრ.ხელ-ლი:მაია კუდავა; მთ.რედ:ზვიად კვარაცხელია; სარედ.საბჭო:გიორგი ანთელავა და სხვა; წინათქმა:როსტომ ჩხეიძე. | ||
| 260 | _aთბილისი | ||
| 260 | _bარტანუტი | ||
| 260 | _c2010 | ||
| 300 | _a494გვ;22სმ. | ||
| 300 | _eრეზ.ინგ.-კომენტარები:გვ:470-474. პირთა საძიებელი გვ:476-490. | ||
| 541 | _h21ლო.75თ. | ||
| 653 | _aთხზულებანი:ტ.I:ქართული ლიტერატურის ისტორია და კრიტიკა. | ||
| 942 | _cBK | ||
| 999 |
_c43784 _d43784 |
||